00920nam a2200265 a 4500001001000000003000400010005001700014008004100031040002500072049000900097082001900106100004700125245005300172260006400225300002100289504005600310650003000366650002800396650002000424650001900444910003700463942001400500952012300514999001700637000025906OSt20201023144223.0110224s1958 dr 001 0 spa d aDO-SdBNPbspacBNPHU aBNPD74a115bM186v2221 aMaeterlinck, Maurice de,d1862-194995276313aLa vida en el espacio /cMaurice de Maeterlinck. aCiudad Trujillo, República Dominicana :bMontalvo,c1958. a130 p. ;c22 cm. aIncluye bibliografía y notas al pie de páginas. 4aCuarta dimensión952764 4aEspacio y tiempo952765 4aSueños941871 4aHombres931273 aValidado. Control de calidad EMS 2ddccLBS1 00102ddc718RVaPDbPDcHDd2011-02-24iLF1l0oBNPHU PD-RV 115 M186vp25906-10r2020-06-25w2020-06-25y1zDedicado c25398d25398